[Event "Sveins 10. minneturnering"]
[Site "Oslo"]
[Date "2017.06.26"]
[Round "6"]
[White "Chachkes, George D"]
[Black "Lindbøl, Aleksander"]
[Result "0-1"]
[WhiteElo "1681"]
[BlackElo "2076"]
[PlyCount "84"]
[EventDate "2017.??.??"]

1. d4 Nf6 2. c4 e6 3. Nc3 Bb4 4. Qc2 O-O 5. e4 Nc6 6. Nf3 d5 7. e5 Ne4 8. Bd3
f5 9. exf6 Nxf6 10. O-O dxc4 11. Bxc4 Nxd4 12. Nxd4 Qxd4 13. Qb3 Bxc3 14. bxc3
Qb6 15. Be3 Qxb3 16. axb3 Nd5 17. Bxd5 exd5 18. Rxa7 Rxa7 19. Bxa7 b6 20. Bb8
Ba6 21. Ra1 Rxb8 22. Rxa6 Kf7 23. f4 Ke6 24. Kf2 Kd6 25. g4 Re8 26. Ra2 Re4 27.
Kf3 Re1 28. Re2 Rb1 29. b4 Rb3 30. Re3 d4 31. cxd4 Rxb4 32. Rd3 Kd5 33. Ke3 Rb2
34. h4 Rh2 35. h5 b5 36. Rc3 Rh3+ 37. Kd2 Rxc3 38. Kxc3 b4+ 39. Kxb4 Kxd4 40.
Kb5 Ke4 41. f5 h6 42. g5 Kxf5
0-1

[Event "Sveins 10. minneturnering"]
[Site "Oslo"]
[Date "2017.06.26"]
[Round "6"]
[White "Bergre, Joachim"]
[Black "Enersen, Eirik S"]
[Result "1-0"]
[WhiteElo "2053"]
[BlackElo "1705"]
[PlyCount "145"]
[EventDate "2017.??.??"]

1. c4 Nf6 2. g3 e5 3. Bg2 d5 4. cxd5 Nxd5 5. Nc3 Nxc3 6. bxc3 Bc5 7. d3 O-O 8.
Qb3 c6 9. Nf3 Re8 10. O-O Qc7 11. Bb2 Nd7 12. d4 exd4 13. cxd4 Bd6 14. e3 Nf6
15. Rfc1 Be6 16. Qc2 Bd5 17. Nd2 Bxg2 18. Kxg2 Qe7 19. Nc4 Bc7 20. Qf5 Qe4+ 21.
Qxe4 Rxe4 22. f3 Re6 23. e4 Nd7 24. Ne3 Bb6 25. Rc2 Rd8 26. Rd1 Nf6 27. Nc4 Bc7
28. Rcd2 b5 29. Ne3 Bb6 30. Nf5 g6 31. d5 cxd5 32. Ne7+ Kf8 33. exd5 Ba5 34.
dxe6 Rxd2+ 35. Rxd2 Kxe7 36. Bxf6+ Kxe6 37. Rb2 Kxf6 38. Rxb5 Bd2 39. Kf2 a5
40. Ke2 Bb4 41. Kd3 Be1 42. Ke4 Bc3 43. Kd5 Ke7 44. Rb6 h5 45. h3 Be1 46. g4 h4
47. f4 Bc3 48. Rc6 Bb2 49. a4 Ba3 50. Rc4 Kf8 51. Rc7 Bb4 52. Rb7 Bd2 53. Ke5
Bc3+ 54. Ke4 Kg7 55. Rb8 Kh7 56. Ra8 Kg7 57. f5 gxf5+ 58. Kxf5 Bd2 59. g5 Bc3
60. Re8 Bd4 61. Re4 Bf2 62. Re5 Bb6 63. Rb5 Bd8 64. Rb8 Bc7 65. Rb7 Bg3 66. g6
Be1 67. Rxf7+ Kg8 68. Rc7 Bg3 69. Rc5 Be1 70. Kf6 Bb4 71. Rc8+ Bf8 72. Ra8 Kh8
73. Rxf8#
1-0

[Event "Sveins 10. minneturnering"]
[Site "Oslo"]
[Date "2017.06.26"]
[Round "6"]
[White "Mac Arthur, John"]
[Black "Hansen, Lars-Henrik Bech"]
[Result "1-0"]
[WhiteElo "1964"]
[BlackElo "2019"]
[PlyCount "61"]
[EventDate "2017.??.??"]

1. d4 g6 2. Nf3 Bg7 3. c4 Nf6 4. Nc3 O-O 5. e4 d6 6. Be2 e5 7. O-O Nc6 8. d5
Ne7 9. Ne1 Nd7 10. Be3 f5 11. f3 f4 12. Bf2 g5 13. Rc1 Nf6 14. c5 h5 15. Nb5 g4
16. cxd6 cxd6 17. Nxa7 g3 18. hxg3 fxg3 19. Be3 Nh7 20. Nxc8 Nxc8 21. f4 exf4
22. Bd4 Bh6 23. Bxh5 f3 24. Rxf3 Bxc1 25. Rxg3+ Bg5 26. Bg6 Rf6 27. Bxh7+ Kxh7
28. Qh5+ Bh6 29. Nf3 Qe7 30. Ng5+ Kg7 31. Rf3
1-0

[Event "Sveins 10. minneturnering"]
[Site "Oslo"]
[Date "2017.06.26"]
[Round "6"]
[White "Neuzil, Torey G"]
[Black "Rødsmoen, Maud"]
[Result "0-1"]
[WhiteElo "1743"]
[BlackElo "1947"]
[PlyCount "122"]
[EventDate "2017.??.??"]

1. d4 d5 2. Nf3 Nf6 3. e3 c6 4. Bd3 g6 5. Nbd2 Nbd7 6. O-O Bg7 7. c3 e5 8. dxe5
Ng4 9. e6 fxe6 10. e4 e5 11. h3 Nh6 12. Nb3 Nf7 13. Bc2 Nb6 14. Qe2 O-O 15. Be3
Nc4 16. Bc5 Re8 17. Bd3 b6 18. Be3 Nxe3 19. Qxe3 Bb7 20. Rad1 Qc7 21. Bc2 Nd6
22. Nbd2 Rad8 23. Qg5 Ba6 24. Rfe1 Nf7 25. Qg3 Re7 26. Bb3 Kh8 27. Nf1 Bb7 28.
N1h2 Nd6 29. exd5 cxd5 30. Ng4 Ne4 31. Qh2 Qc5 32. Rxe4 Rf8 33. Re3 e4 34. Nd4
h5 35. Ree1 hxg4 36. hxg4+ Kg8 37. Qh3 Bc8 38. Qh4 Ref7 39. Re2 Rf4 40. f3 exf3
41. gxf3 Rxf3 42. Kg2 R3f4 43. Qe7 Bxg4 44. Qxc5 bxc5 45. Bxd5+ Kh7 46. Rh1+
Bh5 47. Ne6 Rg4+ 48. Kh3 Rf5 49. Nxg7 Kxg7 50. Re7+ Kh6 51. c4 Rf2 52. Rh2 Rf1
53. Rg2 Rh1+ 54. Rh2 Rd1 55. Re3 Rg5 56. Rg3 Rxg3+ 57. Kxg3 Kg5 58. Rf2 Rd3+
59. Kg2 Bg4 60. a3 Rb3 61. Rd2 Bf5
0-1

[Event "Sveins 10. minneturnering"]
[Site "Oslo"]
[Date "2017.06.26"]
[Round "6"]
[White "Grindbakken, Erik"]
[Black "Greibrokk, Ingrid"]
[Result "0-1"]
[WhiteElo "1624"]
[BlackElo "1936"]
[PlyCount "64"]
[EventDate "2017.??.??"]

1. e4 c5 2. Nf3 d6 3. d4 cxd4 4. Nxd4 Nf6 5. Nc3 g6 6. h3 Bg7 7. Be3 O-O 8. g4
d5 9. Bg2 e5 10. Nde2 d4 11. Nxd4 exd4 12. Bxd4 Nc6 13. Bc5 Qxd1+ 14. Rxd1 Re8
15. O-O Nd7 16. Be3 Bxc3 17. bxc3 Nde5 18. Bh6 f6 19. f4 Nf7 20. g5 Nxh6 21.
gxh6 Be6 22. a3 Rad8 23. Rb1 Re7 24. Rf2 Na5 25. e5 fxe5 26. fxe5 b6 27. Rf6
Nc4 28. Rbf1 Nxa3 29. R1f2 Nb5 30. Be4 Nxc3 31. Bxg6 hxg6 32. Rxg6+ Kh7
0-1

[Event "Sveins 10. minneturnering"]
[Site "Oslo"]
[Date "2017.06.26"]
[Round "6"]
[White "Merkesvik, Amalie Isabel"]
[Black "Omtvedt, Per"]
[Result "1/2-1/2"]
[WhiteElo "1782"]
[BlackElo "1934"]
[PlyCount "22"]
[EventDate "2017.??.??"]

1. e4 Nf6 2. Nc3 d5 3. exd5 Nxd5 4. Nxd5 Qxd5 5. d4 Nc6 6. Nf3 Bg4 7. Be2 e6 8.
Bf4 Bd6 9. Bxd6 Qxd6 10. c3 O-O 11. O-O Rfd8
1/2-1/2

[Event "Sveins 10. minneturnering"]
[Site "Oslo"]
[Date "2017.06.26"]
[Round "6"]
[White "Sundsbo, Sigve"]
[Black "Grønn, Embla Ekeland"]
[Result "0-1"]
[WhiteElo "1796"]
[BlackElo "1616"]
[PlyCount "114"]
[EventDate "2017.??.??"]

1. d4 d5 2. c4 c6 3. Nf3 Nf6 4. Nc3 dxc4 5. a4 Bf5 6. e3 e6 7. Bxc4 Be7 8. O-O
O-O 9. Qe2 Nbd7 10. e4 Bg6 11. Bd3 c5 12. e5 Bxd3 13. Qxd3 Nd5 14. Nxd5 exd5
15. Be3 c4 16. Qe2 a6 17. a5 b6 18. axb6 Qxb6 19. Rab1 a5 20. Ne1 Rfc8 21. Nc2
Rab8 22. Qg4 Rc7 23. Qh3 Qe6 24. Qg3 Rcb7 25. Bc1 Qg6 26. Qxg6 hxg6 27. Ra1 Rb5
28. Ne3 Bg5 29. f4 Be7 30. Nd1 Bb4 31. Rf3 Rc8 32. Kf1 Nf8 33. Nc3 Bxc3 34.
bxc3 Rcb8 35. Rf2 Ne6 36. Rc2 Ra8 37. Ke2 Rb3 38. g3 a4 39. Kd2 Nc7 40. Rca2
Nb5 41. Rc2 Kf8 42. Raa2 Ke7 43. Ra1 a3 44. Raa2 Ke6 45. Ra1 a2 46. Raxa2 Rxa2
47. Rxa2 Rxc3 48. Ra6+ Kf5 49. Ra5 Rd3+ 50. Ke1 Nxd4 51. h3 c3 52. Ra7 f6 53.
g4+ Ke6 54. Ra6+ Kf7 55. Ra7+ Kg8 56. f5 gxf5 57. gxf5 fxe5
0-1

[Event "Sveins 10. minneturnering"]
[Site "Oslo"]
[Date "2017.06.26"]
[Round "6"]
[White "Amarapala, Sheroni"]
[Black "Næss, Sara"]
[Result "0-1"]
[WhiteElo "1471"]
[BlackElo "1795"]
[PlyCount "44"]
[EventDate "2017.??.??"]

1. e4 c5 2. Nf3 Nc6 3. d4 cxd4 4. Nxd4 Nf6 5. Nc3 e5 6. Nb3 Bb4 7. Bd3 d5 8.
exd5 Qxd5 9. O-O Bxc3 10. bxc3 O-O 11. Bg5 e4 12. Bxf6 exd3 13. Bh4 Qe4 14. Bg3
dxc2 15. Qc1 Bf5 16. Re1 Qc4 17. Qb2 b6 18. Rac1 Rfe8 19. Na1 Rxe1+ 20. Rxe1
Qd3 21. Rc1 Qd1+ 22. Rxd1 cxd1=R#
0-1

[Event "Sveins 10. minneturnering"]
[Site "Oslo"]
[Date "2017.06.26"]
[Round "6"]
[White "Sharma, Neil E"]
[Black "Skaslien, Ingrid"]
[Result "0-1"]
[WhiteElo "1402"]
[BlackElo "1773"]
[PlyCount "67"]
[EventDate "2017.??.??"]

1. e4 c5 2. Nf3 e6 3. d4 cxd4 4. Nxd4 a6 5. Nc3 Qc7 6. f3 Nc6 7. Be3 b5 8. Qd2
Bb7 9. Nb3 d6 10. O-O-O b4 11. Na4 Rb8 12. Kb1 Nf6 13. Nb6 Ba8 14. Na4 Ne5 15.
Qd4 Nfd7 16. Qa7 Qc6 17. Qxa6 Qxa6 18. Bxa6 Bc6 19. f4 Ng4 20. Bg1 Bxa4 21. Nd4
Nc5 22. Be2 Nf6 23. b3 Bd7 24. e5 dxe5 25. fxe5 Nd5 26. Rd2 Nc3+ 27. Kb2 Be7
28. Be3 N5e4 29. Rd3 Ra8 30. Ra1 O-O 31. Bf3 Ra5 32. Bf4 Rfa8 33. Bxe4 Rxa2+
34. Kc1
0-1

[Event "Sveins 10. minneturnering"]
[Site "Oslo"]
[Date "2017.06.26"]
[Round "6"]
[White "Vestjord, Harald Christian"]
[Black "Landsverk, Ida"]
[Result "1/2-1/2"]
[WhiteElo "1760"]
[BlackElo "1415"]
[PlyCount "96"]
[EventDate "2017.??.??"]

1. d4 Nf6 2. g3 g6 3. Bg2 Bg7 4. e4 d6 5. Nc3 Nbd7 6. Nf3 O-O 7. O-O e5 8. d5
Re8 9. h3 Nf8 10. Be3 Bd7 11. Qd3 c5 12. dxc6 Bxc6 13. Nd2 Ne6 14. Nc4 Nd4 15.
Bxd4 exd4 16. Nd5 Nxd5 17. exd5 Bb5 18. Qb3 Bxc4 19. Qxc4 Rc8 20. Qd3 Qa5 21.
a3 Re7 22. b4 Qa4 23. Ra2 Rc3 24. Qd2 Rxa3 25. Rxa3 Qxa3 26. Re1 Rxe1+ 27. Qxe1
Qc3 28. Qxc3 dxc3 29. Kf1 Kf8 30. Ke2 Bd4 31. f3 Ke7 32. Kd3 Bf6 33. Ke4 Kd7
34. Bf1 Kc7 35. Bb5 Kd8 36. f4 Bg7 37. f5 Be5 38. g4 g5 39. Be2 f6 40. Kd3 b5
41. Ke3 a6 42. Kf2 Kc7 43. Ke3 Kb6 44. Kd3 a5 45. bxa5+ Kxa5 46. Bf3 b4 47. Kc4
Ka4 48. Be4 Ka3
1/2-1/2

[Event "Sveins 10. minneturnering"]
[Site "Oslo"]
[Date "2017.06.26"]
[Round "6"]
[White "Sidali, Elias Hulleberg"]
[Black "Eriksen, Dag"]
[Result "1/2-1/2"]
[WhiteElo "1675"]
[BlackElo "1711"]
[PlyCount "29"]
[EventDate "2017.??.??"]

1. e4 Nf6 2. Nc3 e5 3. Nf3 Nc6 4. Bb5 Bc5 5. O-O d6 6. h3 ({Relevant:} 6. d4
exd4 7. Nxd4 Bd7 8. Bxc6 bxc6 9. Be3 O-O 10. Re1 Re8 11. f3 Rb8 12. Nb3 Bb6 13.
Bxb6 axb6 14. Qd2 b5 15. Rad1 Be6 16. Nd4 Qd7 17. a3 c5 18. Nxe6 Qxe6 19. Nd5
Nxd5 20. Qxd5 Qf6 21. b3 Qb2 22. e5 Rxe5 23. Rxe5 Qxe5 24. Qxe5 dxe5 25. Rd5 f6
26. Rxc5 Ra8 27. Rxb5 Rxa3 28. Rb8+ Kf7 29. Rb7 Ke6 30. Rxc7 Ra2 31. Rxg7 Rxc2
32. Rxh7 Kf5 33. Rh4 Rb2 34. b4 Ke6 35. Rc4 Kd5 {Vachier Lagrave,M (2788)
-Caruana,F (2795) chess.com INT 2016 1/2-1/2}) 6... Bd7 7. d3 Nd4 8. Bxd7+ Qxd7
9. Be3 $146 ({Predecessor:} 9. Nxd4 Bxd4 {1/2-1/2 (9) Chachaj,T (2300)-Szajna,
W (2233) Polanica Zdroj 1999}) 9... Bb6 10. a4 Ne6 11. d4 O-O-O 12. a5 Bxd4 13.
Nxd4 exd4 14. Bxd4 c5 15. Bxf6
1/2-1/2

[Event "Sveins 10. minneturnering"]
[Site "Oslo"]
[Date "2017.06.26"]
[Round "6"]
[White "Trasti, Nora"]
[Black "Gaure, Sigurd Lauvas"]
[Result "0-1"]
[WhiteElo "1359"]
[BlackElo "1532"]
[PlyCount "102"]
[EventDate "2017.??.??"]

1. d4 Nf6 2. c4 g6 3. Nc3 Bg7 4. e4 d6 5. Nf3 O-O 6. Be2 Bg4 7. h3 Bxf3 8. Bxf3
e5 9. dxe5 dxe5 10. O-O c6 11. Qb3 Qc7 12. Rd1 Nbd7 13. Be3 a6 14. Rd2 b5 15.
cxb5 axb5 16. a3 Rfd8 17. Rad1 Nb6 18. Rxd8+ Rxd8 19. Rxd8+ Qxd8 20. Bxb6 Qxb6
21. Qd1 c5 22. Nd5 Nxd5 23. exd5 Qd6 24. Be2 e4 25. Bxb5 Bxb2 26. a4 Bc3 27.
Qb3 Ba5 28. Bc6 Bc7 29. g3 Qe5 30. Qb7 e3 31. Qc8+ Kg7 32. Qe8 exf2+ 33. Kxf2
Qxg3+ 34. Ke2 Qg2+ 35. Kd3 Qxh3+ 36. Kc4 Qa3 37. Qe1 h5 38. Be8 Qa2+ 39. Kxc5
Qc2+ 40. Kb5 Qb3+ 41. Kc5 Qb6+ 42. Kc4 Qf6 43. Bc6 Qf4+ 44. Kd3 Qf3+ 45. Kc4
Qg4+ 46. Kd3 Qf5+ 47. Kc4 Qc2+ 48. Kd4 Bb6+ 49. Ke5 Qf5+ 50. Kd6 Qf6+ 51. Kd7
Qd8#
0-1

[Event "Sveins 10. minneturnering"]
[Site "Oslo"]
[Date "2017.06.26"]
[Round "6"]
[White "Kreken, Eivind Grunt"]
[Black "Vestby, Anniken"]
[Result "1-0"]
[WhiteElo "1386"]
[BlackElo "1336"]
[PlyCount "91"]
[EventDate "2017.??.??"]

1. e4 e5 2. Nf3 Nc6 3. d4 d6 4. Bb5 Bd7 5. Nc3 Nf6 6. O-O Be7 7. Re1 O-O 8.
Bxc6 Bxc6 9. dxe5 dxe5 10. Nxe5 Qxd1 11. Rxd1 Bxe4 12. Nxe4 Nxe4 13. Be3 Bd6
14. Nc4 a6 15. f3 b5 16. Nxd6 Nxd6 17. Bc5 Rfd8 18. Kf2 f6 19. Re1 Kf7 20. Re2
Re8 21. Rd2 Rad8 22. Rad1 Re6 23. Bxd6 Rdxd6 24. Rxd6 Rxd6 25. Rxd6 cxd6 26.
Ke3 Ke6 27. Ke4 g6 28. f4 f5+ 29. Kd4 h6 30. h4 h5 31. g3 a5 32. c3 a4 33. a3
Kd7 34. Kd5 Kc7 35. Ke6 Kc6 36. Kf6 Kd5 37. Kxg6 b4 38. axb4 Kc4 39. Kxh5 Kb3
40. b5 Kxb2 41. b6 a3 42. b7 Kxc3 43. b8=Q a2 44. Qxd6 a1=Q 45. Qe5+ Kc2 46.
Qxa1
1-0

[Event "Sveins 10. minneturnering"]
[Site "Oslo"]
[Date "2017.06.26"]
[Round "6"]
[White "Evenshaug, Amadeus Hestvik"]
[Black "Hestvik, Elias"]
[Result "1/2-1/2"]
[WhiteElo "1214"]
[BlackElo "1192"]
[PlyCount "94"]
[EventDate "2017.??.??"]

1. e4 e5 2. Nf3 Nc6 3. Bc4 Bc5 4. O-O Nf6 5. Nc3 d6 6. h3 O-O 7. d3 Re8 8. Bg5
h6 9. Bxf6 Qxf6 10. Re1 Na5 11. Bb3 Nxb3 12. axb3 Bb4 13. Kh1 Bxc3 14. bxc3 a6
15. d4 exd4 16. Qxd4 Qxd4 17. cxd4 Bd7 18. c4 b5 19. cxb5 axb5 20. Rxa8 Rxa8
21. e5 dxe5 22. dxe5 Be6 23. Nd4 Bd7 24. e6 Bxe6 25. Nxe6 fxe6 26. Rxe6 Ra1+
27. Kh2 Rb1 28. Rc6 Rxb3 29. Rxc7 Rb2 30. f3 Kh7 31. Rb7 h5 32. h4 Rb4 33. Kg1
Rxh4 34. Rxb5 g6 35. g3 Ra4 36. Kg2 Ra2+ 37. Kh3 Kh6 38. f4 Ra6 39. f5 gxf5 40.
Rxf5 Kg6 41. g4 Ra3+ 42. Kh4 Ra1 43. Rxh5 Rh1+ 44. Kg3 Rxh5 45. gxh5+ Kg5 46.
h6 Kg6 47. h7 Kxh7
1/2-1/2

[Event "Sveins 10. minneturnering"]
[Site "Oslo"]
[Date "2017.06.26"]
[Round "7"]
[White "Arvola, Benjamin"]
[Black "Berg, Emanuel"]
[Result "1-0"]
[WhiteElo "2435"]
[BlackElo "2573"]
[PlyCount "83"]
[EventDate "2017.??.??"]

1. e4 c5 2. Nf3 d6 3. d4 cxd4 4. Nxd4 Nf6 5. Nc3 a6 6. Be3 e5 7. Nb3 Be6 8. h3
Nc6 9. Qd2 d5 10. exd5 Nxd5 11. Nxd5 Qxd5 12. Qxd5 Bxd5 13. O-O-O O-O-O 14. Bb6
Rd7 15. Be2 g6 16. f3 f5 17. h4 h5 18. Kb1 Rhh7 19. Nc5 Bxc5 20. Bxc5 Kc7 21.
Be3 Be6 22. Bg5 Rxd1+ 23. Rxd1 Rd7 24. Re1 f4 25. c3 Bf5+ 26. Kc1 b5 27. b4 Kb6
28. Bh6 a5 29. Bf8 axb4 30. cxb4 Ka6 31. Bf1 Bd3 32. Rd1 Bf5 33. Rxd7 Bxd7 34.
a4 Nd8 35. Bd3 Be8 36. Kd2 Kb7 37. axb5 Ne6 38. Bd6 Kb6 39. Bxe5 Bxb5 40. Bxg6
Bf1 41. Bxh5 Bxg2 42. Bg4
1-0

[Event "Sveins 10. minneturnering"]
[Site "Oslo"]
[Date "2017.06.26"]
[Round "7"]
[White "Hector, Jonny"]
[Black "Kovachev, Daniel Jakobsen"]
[Result "1-0"]
[WhiteElo "2503"]
[BlackElo "2308"]
[PlyCount "77"]
[EventDate "2017.??.??"]

1. e4 e5 2. Nf3 Nc6 3. Bc4 Bc5 4. c3 Nf6 5. d3 a6 6. Bb3 d6 7. O-O Ba7 8. Be3
h6 9. Nbd2 O-O 10. Re1 Bxe3 11. fxe3 Re8 12. Nf1 Be6 13. Bc2 d5 14. exd5 Qxd5
15. Ng3 Qd7 16. Qe2 Rad8 17. Rad1 Qd6 18. Rf1 Ne7 19. h3 Ng6 20. Bb1 b5 21. Nd2
Bc8 22. Bc2 Qb6 23. Kh1 Qc6 24. Rf2 Bxh3 25. Rdf1 Bxg2+ 26. Rxg2 Nh4 27. e4
Nxg2 28. Qxg2 Ng4 29. Nf5 Qg6 30. Rf3 Qh5+ 31. Kg1 Qg5 32. Rg3 h5 33. Bd1 g6
34. Bxg4 hxg4 35. Rxg4 Qf6 36. Rg3 Rd7 37. Nb3 Qb6+ 38. Qf2 Red8 39. Nc5
1-0

[Event "Sveins 10. minneturnering"]
[Site "Oslo"]
[Date "2017.06.26"]
[Round "7"]
[White "Haubro, Martin"]
[Black "Hillarp Persson, Tiger"]
[Result "0-1"]
[WhiteElo "2365"]
[BlackElo "2496"]
[PlyCount "74"]
[EventDate "2017.??.??"]

1. e4 g6 2. d4 Bg7 3. Nc3 d6 4. Be3 a6 5. h4 Nf6 6. f3 b5 7. Qd2 Nbd7 8. O-O-O
Bb7 9. Bh6 Bxh6 10. Qxh6 b4 11. Nce2 e5 12. Qd2 c5 13. dxe5 dxe5 14. g4 Nb6 15.
Qh6 Qe7 16. Ng3 Rd8 17. Rxd8+ Kxd8 18. Rh2 Kc7 19. Rd2 c4 20. Qe3 Nfd7 21. g5
h6 22. Nh3 hxg5 23. hxg5 Qc5 24. Qxc5+ Nxc5 25. Nf2 Bc8 26. Nd1 Ne6 27. Ne3
Nxg5 28. Nxc4 Nxc4 29. Bxc4 Nxf3 30. Rd3 Ng5 31. c3 bxc3 32. Rxc3 Kd6 33. b4
Bb7 34. a4 Rb8 35. Kb2 Nxe4 36. Nxe4+ Bxe4 37. Ka3 Rc8
0-1

[Event "Sveins 10. minneturnering"]
[Site "Oslo"]
[Date "2017.06.26"]
[Round "7"]
[White "Tan, Justin"]
[Black "Getz, Nicolai"]
[Result "0-1"]
[WhiteElo "2448"]
[BlackElo "2391"]
[PlyCount "142"]
[EventDate "2017.??.??"]

1. e4 e5 2. Nf3 Nc6 3. Bb5 a6 4. Ba4 Nf6 5. O-O b5 6. Bb3 Bb7 7. d3 Be7 8. Re1
O-O 9. a3 d6 10. Nbd2 Na5 11. Ba2 c5 12. Nf1 c4 13. Ng3 Re8 14. Bd2 Rc8 15. b4
cxb3 16. cxb3 Nc6 17. b4 Bf8 18. Be3 h6 19. h3 Qd7 20. Nh4 d5 21. Nhf5 Ne7 22.
Nxe7+ Bxe7 23. Qb3 Bf8 24. Rad1 Qc7 25. Rc1 Qd7 26. f3 Rxc1 27. Rxc1 Rc8 28.
Rxc8 Qxc8 29. Qb2 Qc7 30. Qc1 Qxc1+ 31. Bxc1 dxe4 32. dxe4 g6 33. Ne2 Kg7 34.
Bb2 Nd7 35. Nf4 Bd6 36. Nd3 Kf8 37. Kf2 Ke7 38. Bb3 Bc6 39. Bc1 h5 40. Ke2 f6
41. Be3 Bb7 42. Kd2 Bc6 43. Kc3 Bb7 44. a4 Bc6 45. a5 f5 46. Bg5+ Ke8 47. Nf2
Be7 48. Be3 Bh4 49. exf5 gxf5 50. Bc2 f4 51. Bg6+ Ke7 52. Ba7 Nf6 53. Nd3 Bd5
54. Bb8 Nd7 55. Ba7 Bf6 56. Kd2 h4 57. Bf5 Bc4 58. Be4 Kd6 59. Bb7 Kc7 60. Be4
Be7 61. Kc3 Bxd3 62. Bxd3 Nf6 63. Bb6+ Kc6 64. Kb3 Kd5 65. Bf2 e4 66. Bc2 e3
67. Bxh4 Kd4 68. Be1 Nd5 69. Be4 Bxb4 70. Bh4 Bxa5 71. g3 Be1
0-1

[Event "Sveins 10. minneturnering"]
[Site "Oslo"]
[Date "2017.06.26"]
[Round "7"]
[White "Moen, Andreas G.R."]
[Black "Hansen, Torbjørn R."]
[Result "1/2-1/2"]
[WhiteElo "2330"]
[BlackElo "2443"]
[PlyCount "39"]
[EventDate "2017.??.??"]

1. e4 c6 2. d4 d5 3. Nd2 dxe4 4. Nxe4 Nf6 5. Nxf6+ exf6 6. c3 Bd6 7. Bd3 O-O 8.
Qc2 Re8+ 9. Ne2 h5 10. Bd2 Nd7 11. O-O-O Nf8 12. Kb1 Be6 13. Ng3 g6 14. Ne4 b5
15. h3 f5 16. Ng5 Bd5 17. Rhg1 Bh2 18. Rh1 Bd6 19. Rhg1 Bh2 20. Rh1
1/2-1/2

[Event "Sveins 10. minneturnering"]
[Site "Oslo"]
[Date "2017.06.26"]
[Round "7"]
[White "Kaasen, Tor Fredrik"]
[Black "Djurhuus, Rune"]
[Result "1-0"]
[WhiteElo "2402"]
[BlackElo "2421"]
[PlyCount "59"]
[EventDate "2017.??.??"]

1. Nf3 c5 2. e4 Nc6 3. Bb5 g6 4. Bxc6 bxc6 5. O-O Bg7 6. Re1 Nh6 7. c3 O-O 8.
h3 f5 9. e5 Nf7 10. d4 cxd4 11. cxd4 c5 12. d5 e6 13. Nc3 Bb7 14. Bf4 Qa5 15.
Ng5 Nd8 16. h4 c4 17. dxe6 dxe6 18. h5 Qb6 19. Re3 Nf7 20. Nxh7 Qc6 21. Rg3
Nxe5 22. Nxf8 Rxf8 23. Bxe5 Bxe5 24. Rxg6+ Kf7 25. Qd2 Bf6 26. Rd1 Ke7 27. Qe3
Kf7 28. Qh6 Ke7 29. Nd5+ Ke8 30. Rxf6
1-0

[Event "Sveins 10. minneturnering"]
[Site "Oslo"]
[Date "2017.06.23"]
[Round "7"]
[White "Ostrovskiy, Aleksandr A"]
[Black "Solberg, Joachim"]
[Result "1-0"]
[WhiteElo "2381"]
[BlackElo "2257"]
[PlyCount "119"]
[EventDate "2017.??.??"]

1. e4 c5 2. Nf3 Nc6 3. Bb5 g6 4. Bxc6 bxc6 5. O-O Bg7 6. Re1 Nh6 7. c3 O-O 8.
d4 cxd4 9. cxd4 d6 10. h3 f5 11. e5 Be6 12. Nc3 Nf7 13. Qe2 dxe5 14. dxe5 Bd5
15. Nxd5 Qxd5 16. b3 Rfd8 17. Ba3 Qa5 18. Bb2 e6 19. Qc4 Qd5 20. Rac1 Rac8 21.
Qe2 c5 22. Rc4 g5 23. Rec1 h5 24. g4 fxg4 25. hxg4 h4 26. R1c2 Qd3 27. Bc1 Qd1+
28. Qxd1 Rxd1+ 29. Kg2 Rcd8 30. Bxg5 h3+ 31. Kxh3 R8d3 32. Be3 Nxe5 33. Nxe5
Bxe5 34. Rxc5 Bd4 35. Rc8+ Kf7 36. Re2 Rg1 37. Rc7+ Kf6 38. Kh2 Rxg4 39. Bxd4+
Rdxd4 40. Rxa7 Rg6 41. Rh7 Rdg4 42. f3 Rf4 43. Rh3 Rd4 44. Rg3 Rh6+ 45. Kg2 Rd1
46. Rh3 Rg6+ 47. Kf2 Ra1 48. Rh4 Rag1 49. Ke3 Ra1 50. Rf4+ Ke5 51. Re4+ Kf5 52.
Kd3 Rd1+ 53. Kc2 Rd6 54. a4 Rg3 55. Re5+ Kf6 56. R5e3 Ra6 57. Kb2 Rg1 58. Re1
Rg2+ 59. Ka3 Rd2 60. b4
1-0

[Event "Sveins 10. minneturnering"]
[Site "Oslo"]
[Date "2017.06.26"]
[Round "7"]
[White "Hoi, Carsten"]
[Black "Bergre, Joachim"]
[Result "1-0"]
[WhiteElo "2359"]
[BlackElo "2053"]
[PlyCount "63"]
[EventDate "2017.??.??"]

1. d4 Nf6 2. c4 c5 3. d5 e5 4. Nc3 d6 5. e4 g6 6. Be2 Bg7 7. h4 h5 8. Nf3 Na6
9. O-O O-O 10. Bg5 Nc7 11. a3 b6 12. b4 Bg4 13. Nd2 Bxe2 14. Qxe2 Qd7 15. Bxf6
Bxf6 16. g3 Bg7 17. Kg2 Ne8 18. Rab1 Bh6 19. bxc5 bxc5 20. Nb3 a5 21. Nd2 Bxd2
22. Qxd2 f5 23. f4 exf4 24. Qxf4 Qg7 25. Nb5 Qe7 26. Rbe1 fxe4 27. Qxf8+ Qxf8
28. Rxf8+ Kxf8 29. Rxe4 Rd8 30. Re6 Kf7 31. Kf3 Rd7 32. Kf4
1-0

[Event "Sveins 10. minneturnering"]
[Site "Oslo"]
[Date "2017.06.26"]
[Round "7"]
[White "Merkesvik, Sondre"]
[Black "Haug, Johannes"]
[Result "0-1"]
[WhiteElo "2220"]
[BlackElo "2335"]
[PlyCount "66"]
[EventDate "2017.??.??"]

1. g3 Nf6 2. Bg2 d5 3. Nf3 e6 4. c4 d4 5. d3 c5 6. O-O Nc6 7. e3 h6 8. Re1 Bd6
9. Na3 O-O 10. exd4 cxd4 11. Nc2 a5 12. Rb1 e5 13. b3 Re8 14. a3 Bf5 15. b4
axb4 16. axb4 b6 17. Nh4 Bg4 18. Bf3 Qd7 19. Bxg4 Nxg4 20. b5 Ne7 21. Nb4 Nf6
22. Qf3 Bxb4 23. Rxb4 Ra1 24. Bd2 Rxe1+ 25. Bxe1 Qe6 26. Qe2 Nf5 27. Nf3 e4 28.
dxe4 Nxe4 29. g4 Qg6 30. Kh1 Neg3+ 31. hxg3 Rxe2 32. gxf5 Qxf5 33. Kg2 Qe4
0-1

[Event "Sveins 10. minneturnering"]
[Site "Oslo"]
[Date "2017.06.26"]
[Round "7"]
[White "Kvisvik, Brede Alex."]
[Black "Mac Arthur, John"]
[Result "1-0"]
[WhiteElo "2310"]
[BlackElo "1964"]
[PlyCount "33"]
[EventDate "2017.??.??"]

1. d4 e6 2. g3 c5 3. Nf3 cxd4 4. Nxd4 Nf6 5. Bg2 Nc6 6. c4 Bb4+ 7. Bd2 Qb6 8.
Nb5 Bc5 9. O-O O-O 10. N1c3 Be7 11. Bf4 Qd8 12. Bc7 Qe8 13. Nd6 Bxd6 14. Bxd6
Ne7 15. Nb5 Qd8 16. Bc7 Qe8 17. Nd6
1-0

[Event "Sveins 10. minneturnering"]
[Site "Oslo"]
[Date "2017.06.26"]
[Round "7"]
[White "Westerinen, Heikki M.J."]
[Black "Folkvord, Svein"]
[Result "1-0"]
[WhiteElo "2305"]
[BlackElo "1885"]
[PlyCount "59"]
[EventDate "2017.??.??"]

1. e4 e6 2. d4 d5 3. Nd2 Nf6 4. e5 Nfd7 5. f4 c5 6. c3 Nc6 7. Ndf3 cxd4 8. cxd4
a5 9. Bd3 a4 10. a3 Nb6 11. Ne2 Bd7 12. O-O g6 13. Bd2 Be7 14. Rc1 Na5 15. Bxa5
Rxa5 16. Qd2 Ra8 17. Rc3 Rc8 18. Rfc1 Rxc3 19. Qxc3 Bc6 20. Qa5 g5 21. fxg5
Bxg5 22. Nxg5 Qxg5 23. Qxb6 Qe3+ 24. Kf1 O-O 25. Rc3 Qd2 26. Qb4 f5 27. Qe7 Rf7
28. Qxe6 f4 29. Bxh7+ Kf8 30. Bg6
1-0

[Event "Sveins 10. minneturnering"]
[Site "Oslo"]
[Date "2017.06.26"]
[Round "7"]
[White "Ingebretsen, Jens E"]
[Black "Ranaldi, Lucas"]
[Result "1/2-1/2"]
[WhiteElo "2014"]
[BlackElo "2278"]
[PlyCount "110"]
[EventDate "2017.??.??"]

1. e4 c6 2. d4 d5 3. e5 Bf5 4. h4 h5 5. c4 e6 6. Nc3 Nd7 7. Nf3 Ne7 8. Bg5 dxc4
9. Bxc4 Nb6 10. Bb3 Qd7 11. O-O Ned5 12. Re1 Bb4 13. Bd2 Nxc3 14. bxc3 Be7 15.
Qe2 O-O 16. Rad1 Rfd8 17. c4 Bg4 18. Ba5 Rdc8 19. Qe4 g6 20. Bxb6 axb6 21. d5
Bxf3 22. gxf3 c5 23. Kh2 exd5 24. cxd5 c4 25. Bxc4 Ra4 26. Rd4 Bc5 27. Bb5 Rxd4
28. Bxd7 Rxe4 29. Rxe4 Rd8 30. e6 Kf8 31. Kg2 Ra8 32. a4 f5 33. Re1 Ke7 34. Re2
Bd6 35. Rb2 Bc7 36. Kf1 Ra5 37. Bb5 Ra8 38. Rc2 Bd6 39. Ke2 Bc5 40. Bd7 Kd6 41.
Kd3 Rg8 42. a5 Ra8 43. axb6 Bxb6 44. Rb2 Bd8 45. Kc4 b6 46. Bb5 Ra3 47. Re2 Be7
48. Be8 Rxf3 49. Bxg6 Rf4+ 50. Kb5 Bxh4 51. Bxh5 Rxf2 52. Kxb6 Rxe2 53. Bxe2
Kxd5 54. Bd3 Kxe6 55. Bxf5+ Kxf5 
1/2-1/2